000 00708nam a2200289Ia 4500
005 20260324111406.0
008 008 260324s9999 xx 000 0 eng d
020 _a9781003424512
037 _aEBOOK
040 _aCRL
040 _beng
040 _cCRL
041 _2eng
041 _aeng
084 _qCRL
100 _aAnna C. Kelley; Flavia Vanni
_91138368
245 0 _aApproaching Social Hierarchies in Byzantium
245 0 _bDialogues Between Rich and Poor
260 _bTaylor and Francis
260 _c2025
365 _a
365 _b230
856 _uhttp://www.taylorfrancis.com/books/9781003424512
942 _cEBOOK
999 _c1727175
_d1727175